| 000 | 00892nam0a22002651 4500 | ||
|---|---|---|---|
| 001 | rc\4492554 | ||
| 005 | 20250611183836.0 | ||
| 021 |
_aRU _b[60-59368] |
||
| 035 | _a(NLR Aleph) 008338341 | ||
| 090 |
_a8861124 _c8861124 |
||
| 100 | _a20130416d1960 |||y0rusy50 ca | ||
| 101 | 0 | _arus | |
| 102 | _aRU | ||
| 105 | _aa z ||||| | ||
| 200 | 1 |
_aКартинки для детей _f[Стихи Н.П. Кончаловской _gИл.: К.В. Зотов |
|
| 205 | _a2-е изд. | ||
| 210 |
_aМосква _cИн-т санитарного просвещения _d1960] |
||
| 215 |
_a10 л. _cил. _d29 |
||
| 700 | 1 |
_aКончаловская _bН.П. _f1903-1988 _gНаталья Петровна |
|
| 702 | 1 |
_aЗотов _bК.В. _gКонстантин Васильевич _4440 |
|
| 801 | 0 |
_aRU _bNLR _gpsbo |
|
| 801 | 1 |
_aRU _bELAR _2rusmarc |
|
| 852 |
_aNLR _j60-8/2841 |
||
| 942 | _cBOOK | ||
| 980 | _aNB | ||